| Tag |
First Indicator |
Second Indicator |
Subfields |
| LEADER |
00000cam a2200000 a 4500 |
| 001 |
in00000012221 |
| 005 |
20151007051801.0 |
| 008 |
880115s1987 ilua b 00000 eng |
| 010 |
|
|
|a 86050819
|
| 020 |
|
|
|a 0256055262 (pbk.)
|
| 035 |
|
|
|a (OCoLC)14695865
|
| 035 |
|
|
|9 AAA4776AM
|
| 040 |
|
|
|a DLC
|c DLC
|d TXA
|d UtOrBLW
|
| 049 |
|
|
|a TXAM
|c [A12635868]
|
| 050 |
0 |
0 |
|a HD31
|b .C56 1987
|
| 082 |
0 |
|
|a 658
|2 19
|
| 245 |
0 |
0 |
|a Classics of organization theory /
|c [edited by] Jay M. Shafritz, J. Steven Ott.
|
| 250 |
|
|
|a 2nd ed.
|
| 264 |
|
1 |
|a Chicago, Ill. :
|b Dorsey Press,
|c [1987]
|
| 264 |
|
4 |
|c ©1987
|
| 300 |
|
|
|a xii, 445 pages :
|b illustrations ;
|c 23 cm.
|
| 336 |
|
|
|a text
|b txt
|2 rdacontent
|
| 337 |
|
|
|a unmediated
|b n
|2 rdamedia
|
| 338 |
|
|
|a volume
|b nc
|2 rdacarrier
|
| 504 |
|
|
|a Includes bibliographies.
|
| 650 |
|
0 |
|a Organization.
|
| 650 |
|
0 |
|a Management.
|
| 700 |
1 |
|
|a Shafritz, Jay M.
|
| 700 |
1 |
|
|a Ott, J. Steven.
|
| 999 |
|
|
|a MARS
|
| 999 |
f |
f |
|s 503c60cc-40b0-3a61-9f01-188acd8ededb
|i afeaa5c2-28a9-3aae-98c7-94889ca93357
|t 0
|
| 952 |
f |
f |
|p ric
|a Texas A&M University
|b Rellis Campus
|c Joint Library Facility
|d Remote Storage
|t 0
|e HD31 .C56 1987
|h Library of Congress classification
|i unmediated -- volume
|m A14812635868
|
| 998 |
f |
f |
|a HD31 .C56 1987
|t 0
|l Remote Storage
|